[Event "West Wales Open"]
[Site "Pontlliw"]
[Date "2025.11.16"]
[Round "5.11"]
[White "Shevchenko, Danylo"]
[Black "Murthy, Arush"]
[Result "1/2-1/2"]
[WhiteElo "1717"]
[BlackElo "1599"]
[WhiteFideId "-1"]
[BlackFideId "-1"]
[PlyCount "40"]
[GameId "2255070413832372"]
[EventDate "2025.11.14"]
[EventType "swiss"]
[EventRounds "5"]
[EventCountry "WLS"]

1. e4 c5 2. Nf3 d6 3. Bb5+ Bd7 4. Bxd7+ Qxd7 5. c4 Nc6 6. Nc3 Nf6 7. d4 cxd4 8. Nxd4 g6 9. f3 Bg7 10. Be3 O-O 11. O-O Rac8 12. b3 Rfd8 13. Rc1 e6 14. Qd2 d5 15. Nxc6 bxc6 16. Rfd1 dxc4 17. Qxd7 Rxd7 18. Rxd7 Nxd7 19. bxc4 c5 20. f4 Nb6 1/2-1/2

[Event "West Wales Open"]
[Site "Pontlliw"]
[Date "2025.11.16"]
[Round "5.12"]
[White "Pintea, Ovidiu"]
[Black "Burton, Henry"]
[Result "0-1"]
[WhiteElo "1615"]
[BlackElo "1446"]
[WhiteFideId "-1"]
[BlackFideId "-1"]
[PlyCount "64"]
[GameId "2255071188496574"]
[EventDate "2025.11.14"]
[EventType "swiss"]
[EventRounds "5"]
[EventCountry "WLS"]

1. e4 c5 2. d4 cxd4 3. Qxd4 Nc6 4. Qe3 e6 5. Nc3 Be7 6. Bd2 d5 7. exd5 exd5 8. Qf3 Nf6 9. h3 O-O 10. O-O-O Be6 11. Kb1 Nb4 12. g4 d4 13. g5 dxc3 14. gxf6 Bxa2+ 15. Kc1 cxb2+ 16. Kxb2 Bxf6+ 17. Bc3 Bxc3+ 18. Kxc3 Rc8+ 19. Kxb4 Qb6+ 20. Ka3 Qa5+ 21. Kb2 Rc6 22. Rd3 Rfc8 23. c3 Rb6+ 24. Kc2 Bb1+ 25. Kd2 Qa2+ 26. Ke1 Bxd3 27. Bxd3 Qa1+ 28. Ke2 Re8+ 29. Kd2 Rb2+ 30. Bc2 Qe1+ 31. Kd3 Rd8+ 32. Kc4 Qe6+ 0-1

[Event "West Wales Open"]
[Site "Pontlliw"]
[Date "2025.11.16"]
[Round "5.15"]
[White "Mckenna, Joshua"]
[Black "Di-Vetta, Andrew"]
[Result "1/2-1/2"]
[Annotator "Home"]
[WhiteElo "1750"]
[BlackElo "1789"]
[BlackFideId "-1"]
[PlyCount "91"]
[GameId "2255073114591522"]
[EventDate "2025.11.14"]
[EventType "swiss"]
[EventRounds "5"]
[EventCountry "WLS"]

{[%evp 0,91,25,33,19,13,27,45,29,4,19,15,68,14,21,0,-3,6,22,2,-91,0,-87,8,51,33,37,20,91,95,84,72,90,70,-62,77,49,26,34,3,3,4,47,1,-7,54,148,-1,132,21,-1,-1,-111,-11,-26,-39,-48,-92,-46,-83,13,-12,31,29,27,29,139,36,181,67,40,27,47,1,45,43,52,43,41,44,53,-1,1,0,38,-1,21,7,82,5,3,80,97,21]} 1. e4 c5 2. Nf3 e6 3. c3 Nf6 4. e5 Nd5 5. d4 cxd4 6. cxd4 Nc6 7. Be2 Be7 8. O-O O-O 9. a3 d6 10. Re1 Bd7 11. Bd3 f5 12. Bc4 dxe5 13. dxe5 Nb6 14. Ba2 Qe8 15. Bg5 h6 16. Bxe7 Qxe7 17. Nc3 Rad8 18. Qe2 Be8 19. Rad1 Bh5 20. Qe3 Bxf3 21. Rxd8 Rxd8 22. Qxf3 Rd2 23. b4 Kh7 24. Qe3 Rd8 25. Nb5 Nd5 26. Qg3 g5 27. Nd6 Nf4 28. Qe3 Ng6 29. Nc4 Rd4 30. Qc3 Rd5 31. Na5 Rxe5 32. Nxc6 Rxe1+ 33. Qxe1 bxc6 34. Qxe6 Qxe6 35. Bxe6 Ne7 36. Kf1 Kg7 37. Ke2 Kf6 38. Bb3 Ke5 39. Kd3 Ng6 40. g3 Kd6 41. Kd4 Ne5 42. Bd1 Nd7 43. Bc2 Ke6 44. Bb3+ Kd6 45. Bc2 Ke6 46. Bb3+ 1/2-1/2

[Event "West Wales Major"]
[Site "Pontlliw"]
[Date "2025.11.14"]
[Round "1.1"]
[White "Mitchell, Thomas"]
[Black "Thomas, Kevin"]
[Result "0-1"]
[WhiteElo "1850"]
[BlackElo "1743"]
[WhiteFideId "-1"]
[BlackFideId "-1"]
[PlyCount "130"]
[GameId "2260200967135093"]
[EventDate "2025.11.14"]
[EventType "swiss"]
[EventRounds "5"]
[EventCountry "WLS"]

1. e4 d6 2. d4 g6 3. Nf3 Bg7 4. h3 Nf6 5. Nc3 O-O 6. Bg5 h6 7. Be3 a6 8. Qd2 Kh7 9. Bd3 Nc6 10. h4 e5 11. dxe5 dxe5 12. Ng5+ hxg5 13. hxg5+ Nh5 14. f3 Nd4 15. Nd5 c6 16. Nf6+ Bxf6 17. gxf6 Qxf6 18. Bg5 Qxf3 19. gxf3 Nxf3+ 20. Ke2 Nxd2 21. Kxd2 f6 22. Be3 Kg7 23. Rag1 Nf4 24. Bxf4 exf4 25. Rh4 Be6 26. Rxf4 Rh8 27. e5 Rh2+ 28. Kc3 f5 29. Bxf5 Bxf5 30. Rxf5 Re8 31. Rfg5 Re6 32. a4 Re2 33. Rd1 Kh6 34. Rg3 R6xe5 35. Rh1+ Kg7 36. Rhg1 R5e3+ 37. Rxe3 Rxe3+ 38. Kd4 Re2 39. Kd3 Rf2 40. b4 Kf6 41. c3 Rf3+ 42. Kc4 g5 43. Rd1 g4 44. Rd8 Rf5 45. Rd6+ Kg5 46. Rd7 b5+ 47. axb5 axb5+ 48. Kb3 g3 49. Rg7+ Kf4 50. Kc2 Kf3 51. Kd1 Kf2 52. Re7 Rd5+ 53. Kc2 Rg5 54. Rf7+ Ke3 55. Re7+ Kf4 56. Rf7+ Rf5 57. Rg7 Kf3 58. Kd2 Kf2 59. Re7 g2 60. Re2+ Kg3 61. Re8 g1=Q 62. Rg8+ Kf2 63. Rxg1 Kxg1 64. Ke3 Kg2 65. Ke4 Rd5 0-1

[Event "West Wales Major"]
[Site "Pontlliw"]
[Date "2025.11.14"]
[Round "1.2"]
[White "Archibald, McKenzie"]
[Black "Ferguson, Ewan"]
[Result "1-0"]
[Annotator "Home"]
[WhiteElo "1729"]
[BlackElo "1832"]
[BlackFideId "-1"]
[PlyCount "103"]
[GameId "2257121287635901"]
[EventDate "2025.11.14"]
[EventType "swiss"]
[EventRounds "5"]
[EventCountry "WLS"]

{[%evp 0,103,12,23,38,38,63,45,47,40,34,35,56,26,77,-116,91,48,126,78,134,-15,114,119,11,114,137,9,136,86,133,128,100,134,171,47,230,209,267,241,237,265,273,305,275,135,286,199,244,191,148,152,168,72,228,201,184,173,136,173,21,79,174,90,190,101,1,120,65,45,38,74,33,60,98,81,215,219,129,86,192,86,54,84,1,70,71,83,68,118,75,120,75,117,60,68,304,293,1425,1232,1410,-1260,1193,1024,1158,965]} 1. d4 f5 2. Bg5 Nf6 3. Bxf6 exf6 4. c4 Bb4+ 5. Nd2 O-O 6. e3 b6 7. Bd3 d5 8. Ngf3 Re8 9. O-O Kh8 10. Qc2 g6 11. c5 bxc5 12. dxc5 c6 13. a3 Ba5 14. h4 Kg7 15. Nb3 Bc7 16. Nbd4 a5 17. b4 f4 18. exf4 Bxf4 19. h5 f5 20. g3 Bc7 21. Rfe1 axb4 22. axb4 Rxa1 23. Rxa1 Qf6 24. Ra7 Re7 25. hxg6 hxg6 26. Kg2 Bd8 27. Rxe7+ Qxe7 28. b5 cxb5 29. Bxb5 Bc7 30. Qb2 Qf6 31. Qd2 Qf7 32. Qe3 f4 33. Qe1 fxg3 34. fxg3 Bg4 35. Ng5 Qf6 36. Nge6+ Kg8 37. Nxc7 Qxd4 38. Qe8+ Kh7 39. Qe7+ Kh8 40. Qf8+ Kh7 41. Qf7+ Kh8 42. Qxd5 Qb2+ 43. Kg1 Qc1+ 44. Kf2 Qc2+ 45. Ke3 Qc1+ 46. Ke4 Bf5+ 47. Ke5 Qe3+ 48. Kf6 Qxg3 49. Qd8+ Kh7 50. Qd7+ Kh6 51. Qg7+ Kh5 52. Be2+ 1-0

[Event "West Wales Major"]
[Site "Pontlliw"]
[Date "2025.11.14"]
[Round "1.3"]
[White "Probert, Malcolm"]
[Black "Heatman, Jordan"]
[Result "0-1"]
[WhiteElo "1665"]
[BlackElo "1789"]
[BlackFideId "-1"]
[PlyCount "60"]
[GameId "2257123007697862"]
[EventDate "2025.11.14"]
[EventType "swiss"]
[EventRounds "5"]
[EventCountry "WLS"]

1. Nf3 c5 2. c4 Nc6 3. g3 g6 4. Bg2 Nf6 5. d4 cxd4 6. Nxd4 Bg7 7. O-O O-O 8. Nc2 d6 9. Nc3 Be6 10. Ne3 Qd7 11. Re1 Bh3 12. Bh1 Rac8 13. Rb1 Ne5 14. b3 Nfg4 15. Ncd5 Nxe3 16. Nxe3 h5 17. Bb2 b5 18. cxb5 Qxb5 19. Nd5 Qd7 20. f4 Ng4 21. Bxg7 Kxg7 22. Qd4+ e5 23. Qd2 h4 24. fxe5 dxe5 25. Qg5 hxg3 26. hxg3 Rc3 27. Bf3 Rxf3 28. exf3 Qxd5 29. Re4 Qc5+ 30. Kh1 Qf2 0-1

[Event "West Wales Major"]
[Site "Pontlliw"]
[Date "2025.11.14"]
[Round "1.4"]
[White "Griffiths, Hywel"]
[Black "Zheng, Lucas"]
[Result "1/2-1/2"]
[WhiteElo "1787"]
[BlackElo "1663"]
[WhiteFideId "-1"]
[BlackFideId "-1"]
[PlyCount "106"]
[GameId "2257124069835727"]
[EventDate "2025.11.14"]
[EventType "swiss"]
[EventRounds "5"]
[EventCountry "WLS"]

1. e4 c5 2. Nf3 d6 3. d4 cxd4 4. Nxd4 Nf6 5. Nc3 g6 6. Be3 Bg7 7. Be2 O-O 8. f3 Nc6 9. Qd2 Bd7 10. O-O-O Rc8 11. g4 Nxd4 12. Bxd4 Qa5 13. g5 Nh5 14. Bxg7 Nxg7 15. Kb1 Be6 16. Nd5 Qd8 17. h4 Nh5 18. f4 Bxd5 19. exd5 Ng3 20. Rh3 Nxe2 21. Qxe2 Qd7 22. Rdh1 Kg7 23. Qe3 Qf5 24. Qd4+ Kg8 25. Rd3 Rc5 26. h5 gxh5 27. b4 Rc7 28. Rxh5 Rfc8 29. Rd2 Rxc2 30. Qd3 Qxd3 31. Rxd3 R2c3 32. Rd2 R3c4 33. a3 Rxf4 34. Rdh2 Rc3 35. Rxh7 Rcf3 36. g6 Rf1+ 37. Kc2 R1f2+ 38. Rxf2 Rxf2+ 39. Kd3 Rf6 40. Rxf7 Rxf7 41. gxf7+ Kxf7 42. a4 Kf6 43. Ke4 e5 44. dxe6 Kxe6 45. Kd4 b6 46. a5 d5 47. Kd3 Kd6 48. Kd4 Kc6 49. a6 Kb5 50. Kxd5 Kxb4 51. Kc6 Kc4 52. Kb7 b5 53. Kxa7 b4 1/2-1/2

[Event "West Wales Major"]
[Site "Pontlliw"]
[Date "2025.11.14"]
[Round "1.5"]
[White "George, Naveen Daniel"]
[Black "Tuson, Jon"]
[Result "0-1"]
[WhiteElo "1650"]
[BlackElo "1782"]
[WhiteFideId "-1"]
[BlackFideId "-1"]
[PlyCount "60"]
[GameId "2257126572385240"]
[EventDate "2025.11.14"]
[EventType "swiss"]
[EventRounds "5"]
[EventCountry "WLS"]

1. e4 d6 2. d4 Nf6 3. Nc3 g6 4. f4 Bg7 5. Nf3 Na6 6. e5 dxe5 7. fxe5 Nd5 8. Bc4 Nxc3 9. bxc3 b6 10. Bb5+ Kf8 11. O-O h6 12. e6 Qd5 13. c4 Qxe6 14. Ba3 Qe3+ 15. Kh1 Qxa3 16. Bc6 Rb8 17. Qe2 Nb4 18. Ne5 Bf6 19. Rxf6 exf6 20. Nxg6+ Kg7 21. Bf3 Qc3 22. Rf1 Qxc2 23. Qe7 Qxc4 24. Be2 Qe6 25. Qxb4 fxg6 26. Bc4 Qd6 27. Qe1 Bd7 28. Qh4 Rbe8 29. h3 Re3 30. g4 Qxd4 0-1

[Event "West Wales Major"]
[Site "Pontlliw"]
[Date "2025.11.14"]
[Round "1.6"]
[White "Smith, Andrew R"]
[Black "Goodchild, Tony"]
[Result "1-0"]
[WhiteElo "1777"]
[BlackElo "1521"]
[WhiteFideId "-1"]
[BlackFideId "-1"]
[PlyCount "69"]
[GameId "2257127783081008"]
[EventDate "2025.11.14"]
[EventType "swiss"]
[EventRounds "5"]
[EventCountry "WLS"]

1. e4 d6 2. d4 Nf6 3. Nc3 g6 4. Nf3 Bg7 5. Bc4 O-O 6. Bb3 Nbd7 7. O-O c6 8. h3 b5 9. a3 a5 10. Re1 Bb7 11. e5 dxe5 12. dxe5 Nd5 13. Nxd5 cxd5 14. Bxd5 Bxd5 15. Qxd5 e6 16. Qxb5 Qc7 17. Rb1 Rab8 18. Qe2 Rfc8 19. c3 Nb6 20. Be3 Nc4 21. Bd4 Bh6 22. a4 Rb3 23. Be3 Bxe3 24. fxe3 Nxe5 25. Nd4 Rbb8 26. Rf1 Qc4 27. Qc2 Qd3 28. Qf2 Rxc3 29. Rbd1 Rxb2 30. Qxb2 Qxe3+ 31. Kh1 Rc8 32. Qb7 Rf8 33. Nxe6 fxe6 34. Rxf8+ Kxf8 35. Rd8# 1-0

[Event "West Wales Major"]
[Site "Pontlliw"]
[Date "2025.11.14"]
[Round "1.7"]
[White "Nasir, Farouq"]
[Black "Whitehouse, Evan"]
[Result "0-1"]
[WhiteElo "1529"]
[BlackElo "1760"]
[WhiteFideId "-1"]
[BlackFideId "-1"]
[PlyCount "104"]
[GameId "2257128928396345"]
[EventDate "2025.11.14"]
[EventType "swiss"]
[EventRounds "5"]
[EventCountry "WLS"]

1. e4 c5 2. c3 Nf6 3. e5 Nd5 4. d4 cxd4 5. cxd4 d6 6. exd6 Qxd6 7. Nc3 a6 8. Nf3 g6 9. Ne5 Bg7 10. Qf3 Nf6 11. Be3 O-O 12. Bc4 Nbd7 13. Nd3 Nb6 14. Bb3 Bg4 15. Qf4 Be6 16. Bxe6 fxe6 17. Nc5 Qc6 18. Qg3 Nh5 19. Qh3 e5 20. Qe6+ Qxe6 21. Nxe6 exd4 22. Bxd4 Bxd4 23. Nxd4 Nc4 24. O-O e5 25. Nf3 Rae8 26. Rfe1 Nf4 27. b3 Nh3+ 28. Kf1 Nd2+ 29. Ke2 Nxf3 30. gxf3 Ng5 31. Ne4 Nxf3 32. Red1 Nd4+ 33. Kf1 Nc2 34. Rac1 Ne3+ 35. Ke2 Nxd1 36. Rxd1 Re7 37. Rd3 Rf4 38. f3 Rh4 39. Nf6+ Kg7 40. Ng4 h5 41. Nf2 Rxh2 42. a4 Rc7 43. Ke3 Rxf2 44. Kxf2 Kf6 45. Kg3 g5 46. Rd8 Rc3 47. Rd6+ Kf5 48. Rb6 Rc7 49. Rb4 g4 50. fxg4+ hxg4 51. Rxg4 Rc3+ 52. Kh4 Rxb3 0-1

[Event "West Wales Major"]
[Site "Pontlliw"]
[Date "2025.11.14"]
[Round "1.10"]
[White "Roberts, Jamie"]
[Black "Bevan, Peter M"]
[Result "0-1"]
[WhiteElo "1751"]
[BlackElo "1891"]
[WhiteFideId "-1"]
[PlyCount "126"]
[GameId "2260200967241598"]
[EventDate "2025.11.14"]
[EventType "swiss"]
[EventRounds "5"]
[EventCountry "WLS"]

1. e4 d6 2. d4 Nf6 3. Nc3 c6 4. Nf3 Qa5 5. Bd3 e5 6. O-O Nbd7 7. a3 Be7 8. Bd2 Qc7 9. h3 O-O 10. Be3 Re8 11. dxe5 dxe5 12. Bc4 h6 13. Qe2 Nc5 14. Nd2 Ne6 15. Bxe6 Bxe6 16. Rfd1 b5 17. b3 a6 18. Na2 Bxa3 19. Nc1 Bb2 20. Rb1 Bc3 21. Nd3 Bxd2 22. Bxd2 c5 23. f3 c4 24. Nf2 Nh5 25. b4 Nf4 26. Qe1 Red8 27. Bc3 f6 28. Ng4 Bxg4 29. hxg4 Qb6+ 30. Kf1 Ne6 31. Rxd8+ Rxd8 32. Rd1 Nd4 33. Qf2 Rd6 34. f4 Qd8 35. fxe5 fxe5 36. Ke1 Rf6 37. Qd2 Rd6 38. Qf2 Rd7 39. Rd2 Nxc2+ 40. Kd1 Rxd2+ 41. Qxd2 Ne3+ 42. Ke2 Qxd2+ 43. Kxd2 Nxg4 44. Ke2 Kf7 45. Kf3 h5 46. Kg3 Ke6 47. Kf3 Nf6 48. g3 Nh7 49. Bd2 Kf6 50. Bc3 Ng5+ 51. Ke3 Ne6 52. Bb2 Nd8 53. Ba1 Nc6 54. Bc3 Kg5 55. Kf2 Kg4 56. Kg2 g5 57. Kh2 Kf3 58. Kh3 Kxe4 59. Bd2 g4+ 60. Kh4 Kf3 61. Be1 e4 62. Kxh5 e3 63. Kg5 Nd4 0-1

[Event "West Wales Major"]
[Site "Pontlliw"]
[Date "2025.11.15"]
[Round "2.1"]
[White "Bevan, Peter M"]
[Black "Whitehouse, Evan"]
[Result "1-0"]
[WhiteElo "1891"]
[BlackElo "1760"]
[BlackFideId "-1"]
[PlyCount "120"]
[GameId "2257167274233926"]
[EventDate "2025.11.14"]
[EventType "swiss"]
[EventRounds "5"]
[EventCountry "WLS"]

1. d4 Nf6 2. Bf4 d5 3. e3 c5 4. dxc5 Qa5+ 5. c3 Qxc5 6. Bd3 Nc6 7. Nf3 Bg4 8. Qb3 Qb6 9. Qxb6 axb6 10. Bc7 Nd7 11. Nbd2 e5 12. e4 dxe4 13. Nxe4 Bxf3 14. gxf3 Be7 15. Nd6+ Bxd6 16. Bxd6 O-O-O 17. O-O-O g6 18. Bb5 Rde8 19. Rhe1 f6 20. Re3 Nc5 21. Bxc5 bxc5 22. Rd5 Rd8 23. Rxc5 Kc7 24. Rd3 Kb6 25. Rcd5 Nd4 26. Rxd8 Rxd8 27. Bc4 Rc8 28. b3 Ne2+ 29. Kd2 Nf4 30. Rd6+ Rc6 31. Rxc6+ Kxc6 32. a4 Kc5 33. Bg8 h6 34. Bf7 b6 35. b4+ Kc6 36. c4 g5 37. Ke3 f5 38. Bg8 Nh5 39. Be6 Ng7 40. Bd5+ Kd6 41. Bf7 Ke7 42. Bg8 Ne8 43. Kd3 Kd6 44. Bh7 Ng7 45. Bg8 Ne8 46. Bf7 Ng7 47. Bd5 Ne8 48. Kc3 Nc7 49. Bb7 Ne8 50. Bc8 Ng7 51. a5 bxa5 52. bxa5 Kc7 53. Ba6 Ne6 54. Kb4 g4 55. fxg4 fxg4 56. c5 Nd4 57. Bf1 Nc6+ 58. Kb5 Nd4+ 59. Kc4 Nc6 60. a6 Na7 1-0

[Event "West Wales Major"]
[Site "Pontlliw"]
[Date "2025.11.15"]
[Round "2.2"]
[White "Heatman, Jordan"]
[Black "Thomas, Kevin"]
[Result "1/2-1/2"]
[Annotator "Home"]
[WhiteElo "1789"]
[BlackElo "1743"]
[WhiteFideId "-1"]
[BlackFideId "-1"]
[PlyCount "85"]
[GameId "2257168734355535"]
[EventDate "2025.11.14"]
[EventType "swiss"]
[EventRounds "5"]
[EventCountry "WLS"]

{[%evp 0,85,12,32,28,-4,40,30,55,17,18,0,-2,-18,15,-32,-3,-23,5,-12,-21,-72,-72,-202,-193,9,-1,11,-122,-195,-200,-193,-136,-128,-121,-84,-144,-183,-175,-284,-279,-200,-135,-197,-188,-152,-117,-233,-269,-278,-268,-284,-316,-338,-342,-402,-284,-540,-530,-543,-534,-646,-513,-549,-479,-689,-569,-936,-2,-175,-139,-145,-172,-135,-200,-97,1,-78,-42,-160,-34,-57,-217,-100,-1,-1,-1,-1]} 1. e4 d6 2. d4 g6 3. c4 Bg7 4. Be3 c5 5. Nc3 cxd4 6. Bxd4 Nf6 7. h3 Nc6 8. Be3 Qa5 9. Qd2 O-O 10. O-O-O Be6 11. f4 Rfc8 12. Kb1 a6 13. g4 b5 14. f5 Bxc4 15. Bxc4 bxc4 16. Bh6 Rab8 17. Bxg7 Kxg7 18. g5 Nd7 19. Ka1 gxf5 20. exf5 Qxf5 21. Nge2 Nde5 22. Ng3 Qg6 23. h4 Nd3 24. h5 Qe6 25. Rb1 Qe5 26. h6+ Kg8 27. Nge4 d5 28. Nf6+ exf6 29. gxf6 Kh8 30. Rhg1 Nd4 31. Rg7 Qe3 32. Qh2 Qxh6 33. Qg2 Qxf6 34. Rxh7+ Kxh7 35. Rh1+ Qh6 36. Rxh6+ Kxh6 37. Qh3+ Kg7 38. Qg4+ Kf8 39. Qxd4 Re8 40. Qxd5 Re1+ 41. Nb1 Rxb2 42. Qd8+ Kg7 43. Qg5+ 1/2-1/2

[Event "West Wales Major"]
[Site "Pontlliw"]
[Date "2025.11.15"]
[Round "2.3"]
[White "Tuson, Jon"]
[Black "Archibald, McKenzie"]
[Result "1-0"]
[WhiteElo "1782"]
[BlackElo "1729"]
[WhiteFideId "-1"]
[PlyCount "59"]
[GameId "2257169855361113"]
[EventDate "2025.11.14"]
[EventType "swiss"]
[EventRounds "5"]
[EventCountry "WLS"]

1. Nf3 Nf6 2. d4 d5 3. c4 c6 4. Nc3 a6 5. a4 Qa5 6. Bd2 Qb6 7. Qc2 dxc4 8. e4 Bg4 9. Be2 Bxf3 10. Bxf3 Qxd4 11. O-O e6 12. Be3 Qd8 13. a5 Nbd7 14. Rfd1 Qc8 15. Na4 Be7 16. Bf4 e5 17. Bg5 Bd8 18. Qxc4 Bxa5 19. Nc5 Nxc5 20. Rxa5 Ncd7 21. Bxf6 Nxf6 22. Rxe5+ Kf8 23. Qb4+ Kg8 24. Re7 Qf8 25. e5 Nd5 26. Bxd5 cxd5 27. Rxd5 Rd8 28. Rxd8 Qxd8 29. Qd6 Qxd6 30. exd6 1-0

[Event "West Wales Major"]
[Site "Pontlliw"]
[Date "2025.11.15"]
[Round "2.5"]
[White "Williams, Steve"]
[Black "Philpin, Les"]
[Result "0-1"]
[Annotator "Home"]
[WhiteElo "1663"]
[BlackElo "1831"]
[WhiteFideId "-1"]
[PlyCount "84"]
[GameId "2257172016853276"]
[EventDate "2025.11.14"]
[EventType "swiss"]
[EventRounds "5"]
[EventCountry "WLS"]

{[%evp 0,84,21,24,29,15,20,-1,47,41,50,35,56,38,39,47,70,74,-23,79,83,60,80,-45,105,130,124,112,80,67,318,234,260,236,65,177,229,203,219,336,244,240,235,212,267,227,205,208,278,215,234,201,60,148,-1,121,-3,124,29,3,-85,-119,-190,-119,-206,-34,-71,-176,-301,-227,-236,-197,-143,-343,-278,-410,-406,-447,-433,-792,-869,-886,-983,-1139,-846,-1528,-1535]} 1. e4 e6 2. d4 d5 3. Bd3 Nf6 4. e5 Nfd7 5. Ne2 Be7 6. a3 c5 7. c3 c4 8. Bc2 b5 9. O-O Nc6 10. f4 a5 11. f5 Nb6 12. fxe6 Bxe6 13. Nf4 O-O 14. Qh5 h6 15. Nxe6 fxe6 16. Qg6 Rxf1+ 17. Kxf1 Qf8+ 18. Kg1 Qf7 19. Qh7+ Kf8 20. Be3 Bg5 21. Bxg5 hxg5 22. Nd2 Ke7 23. Rf1 Qg8 24. Qg6 Rf8 25. Qxg5+ Kd7 26. Rxf8 Qxf8 27. Nf3 b4 28. axb4 axb4 29. Qg6 b3 30. Bb1 Na4 31. Ng5 Nd8 32. Nh7 Qf7 33. Qg4 Nxb2 34. Bg6 Qe7 35. Qf3 Na4 36. Nf8+ Kc6 37. Nh7 b2 38. Bc2 Kb5 39. Bxa4+ Kxa4 40. Qd1+ Ka3 41. Qb1 Qb7 42. Ng5 Qb3 0-1

[Event "West Wales Major"]
[Site "Pontlliw"]
[Date "2025.11.15"]
[Round "2.6"]
[White "Stannard, Mike"]
[Black "Griffiths, Hywel"]
[Result "0-1"]
[Annotator "Home"]
[WhiteElo "1528"]
[BlackElo "1787"]
[WhiteFideId "-1"]
[BlackFideId "-1"]
[PlyCount "112"]
[GameId "2257173092921677"]
[EventDate "2025.11.14"]
[EventType "swiss"]
[EventRounds "5"]
[EventCountry "WLS"]

{[%evp 0,61,12,34,26,-2,-44,-5,4,-53,4,-1,28,9,14,0,62,52,46,-1,0,5,11,2,12,5,14,0,1,2,20,22,23,-72,140,-96,-115,48,-95,-101,1,-111,-58,-121,27,-70,-98,1,-125,-49,-124,-113,-134,-382,-241,-253,-1,-1,1,-1,-1,-1,1,1]} 1. d4 Nf6 2. Nc3 d5 3. Bf4 Bd7 4. e3 e6 5. Bd3 Bb4 6. Nf3 c5 7. dxc5 Bxc3+ 8. bxc3 Qa5 9. Qd2 Qxc5 10. O-O Nc6 11. Ne5 Nxe5 12. Bxe5 O-O 13. Bxf6 gxf6 14. e4 dxe4 15. Bxe4 Bc6 16. Bd3 Qg5 17. f4 Qc5+ 18. Rf2 Kh8 19. Re1 Rg8 20. Kh1 Rg7 21. Ree2 Rag8 22. c4 f5 23. Qc3 h6 24. Qf6 Kh7 25. h3 Qa3 26. c3 Qc1+ 27. Kh2 Rxg2+ 28. Rxg2 Qxf4+ 29. Kg1 Bxg2 30. Rxg2 Rxg2+ 31. Kxg2 Qg5+ 32. Qxg5 hxg5 33. Kg3 b6 34. a4 Kg6 35. Be2 e5 36. Kf3 Kf6 37. Ke3 Ke6 38. Kd2 e4 39. Ke3 Ke5 40. Kf2 Kf4 41. Kg2 Ke3 42. Bh5 f6 43. Bg6 f4 44. Kf1 f3 45. Bf5 Kf4 46. Be6 e3 47. Bd5 Kg3 48. c5 bxc5 49. Bc4 Kxh3 50. Kg1 g4 51. Be6 Kg3 52. Kf1 Kf4 53. c4 g3 54. Bd5 e2+ 55. Ke1 Ke3 56. Bxf3 Kxf3 0-1

[Event "West Wales Major"]
[Site "Pontlliw"]
[Date "2025.11.15"]
[Round "2.7"]
[White "Zheng, Lucas"]
[Black "Jones, Martin C"]
[Result "1-0"]
[WhiteElo "1663"]
[BlackElo "1783"]
[WhiteFideId "-1"]
[BlackFideId "-1"]
[PlyCount "49"]
[GameId "2257178797101418"]
[EventDate "2025.11.14"]
[EventType "swiss"]
[EventRounds "5"]
[EventCountry "WLS"]

1. e4 c5 2. Nf3 Nc6 3. d4 cxd4 4. Nxd4 e5 5. Nb5 d6 6. N1c3 a6 7. Na3 b5 8. Nd5 Be6 9. c4 Bxd5 10. exd5 Nd4 11. cxb5 Be7 12. Bc4 Bg5 13. O-O Bxc1 14. Rxc1 Nf6 15. bxa6 O-O 16. Nb5 Nxb5 17. Bxb5 Qb6 18. a4 Rfc8 19. Rc6 Rxc6 20. dxc6 d5 21. Qc2 Ne8 22. Qe2 f6 23. Qd3 d4 24. Qc4+ Kf8 25. Qb4+ 1-0

[Event "West Wales Major"]
[Site "Pontlliw"]
[Date "2025.11.15"]
[Round "2.9"]
[White "Probert, Malcolm"]
[Black "Mitchell, Thomas"]
[Result "0-1"]
[WhiteElo "1665"]
[BlackElo "1850"]
[BlackFideId "-1"]
[PlyCount "76"]
[GameId "2257180113232255"]
[EventDate "2025.11.14"]
[EventType "swiss"]
[EventRounds "5"]
[EventCountry "WLS"]

1. Nf3 e6 2. g3 d5 3. d4 c5 4. c4 dxc4 5. Bg2 Nc6 6. Qa4 Qa5+ 7. Qxa5 Nxa5 8. O-O b5 9. Bf4 Bb7 10. Bc7 Nc6 11. Nc3 Nxd4 12. Nxd4 Bxg2 13. Kxg2 cxd4 14. Nxb5 d3 15. exd3 cxd3 16. Rfd1 a6 17. Nc3 Ra7 18. Ba5 Rd7 19. Rd2 Ne7 20. Bb4 Nc6 21. Bxf8 Rxf8 22. Rad1 Ne5 23. b3 Rc7 24. f4 Rxc3 25. fxe5 Rc2 26. Rxc2 dxc2 27. Rc1 Kd7 28. Rxc2 Rc8 29. Rxc8 Kxc8 30. Kf3 Kc7 31. Ke4 Kc6 32. a3 Kc5 33. h3 a5 34. Kd3 Kd5 35. b4 axb4 36. axb4 Kxe5 37. Kc4 Kd6 38. Kb5 Kc7 0-1

[Event "West Wales Major"]
[Site "Pontlliw"]
[Date "2025.11.15"]
[Round "2.10"]
[White "Ferguson, Ewan"]
[Black "George, Naveen Daniel"]
[Result "1/2-1/2"]
[WhiteElo "1832"]
[BlackElo "1650"]
[WhiteFideId "-1"]
[BlackFideId "-1"]
[PlyCount "111"]
[GameId "2257181002191254"]
[EventDate "2025.11.14"]
[EventType "swiss"]
[EventRounds "5"]
[EventCountry "WLS"]

1. e4 c5 2. Nc3 d6 3. Bb5+ Nd7 4. Bxd7+ Bxd7 5. f4 g6 6. Nf3 Bg7 7. O-O e6 8. d3 Ne7 9. Qe1 O-O 10. Ng5 h6 11. Nf3 b5 12. Qh4 b4 13. Ne2 a5 14. g4 Nc6 15. Qh3 Qe7 16. f5 exf5 17. gxf5 gxf5 18. Qg2 Kh7 19. exf5 Rg8 20. Kh1 Bxb2 21. Qh3 Bxc1 22. Nxc1 Qf6 23. Nb3 Bxf5 24. Qh5 Qg6 25. Qxg6+ fxg6 26. Nbd2 Rge8 27. Nc4 Rad8 28. Rae1 Rxe1 29. Rxe1 d5 30. Nce5 Nxe5 31. Rxe5 a4 32. Re7+ Kg8 33. Ne5 Kf8 34. Rc7 Rc8 35. Rh7 h5 36. Nxg6+ Ke8 37. Rh8+ Kf7 38. Rxc8 Bxc8 39. Nf4 Bg4 40. Kg2 Bd1 41. Kf2 Bxc2 42. Ke3 b3 43. axb3 axb3 44. Kd2 c4 45. dxc4 dxc4 46. Nxh5 Kg6 47. Nf4+ Kf5 48. Ng2 Bd3 49. Kc3 Kg4 50. Ne3+ Kh3 51. Nd5 Kxh2 52. Ne7 Kg2 53. Nc6 Be2 54. Na5 Kf3 55. Nxb3 cxb3 56. Kxb3 1/2-1/2

[Event "West Wales Major"]
[Site "Pontlliw"]
[Date "2025.11.15"]
[Round "2.11"]
[White "Goodchild, Tony"]
[Black "Heady, Kevin"]
[Result "0-1"]
[WhiteElo "1521"]
[BlackElo "1756"]
[WhiteFideId "-1"]
[BlackFideId "-1"]
[PlyCount "62"]
[GameId "2257182571979168"]
[EventDate "2025.11.14"]
[EventType "swiss"]
[EventRounds "5"]
[EventCountry "WLS"]

1. d4 d5 2. Nf3 Nf6 3. c4 c6 4. e3 e6 5. Nc3 Bd6 6. c5 Bc7 7. g3 Nbd7 8. Bg2 e5 9. dxe5 Bxe5 10. Nxe5 Nxe5 11. O-O Qe7 12. Qd4 Bh3 13. f4 Bxg2 14. fxe5 Bxf1 15. exf6 gxf6 16. Kxf1 O-O-O 17. b4 Qe6 18. Kg2 Rhg8 19. Bd2 Rg4 20. Qd3 d4 21. Nb5 cxb5 22. Re1 dxe3 23. Qxe3 Qxe3 24. Bxe3 Rxb4 25. Bf4 Rb2+ 26. Kh3 Kd7 27. Bd6 Re8 28. Rf1 Re6 29. Rd1 Kc6 30. a3 f5 31. Rf1 Rh6# 0-1